00652nam a22001697a 4500003000900000008004100009040007100050082002000121245007200141260005200213300004400265440003300309505008800342650002400430650001500454650001300469AR-CdUCM190425b ||||| |||| 00| 0 spa d aMUNICIPALIDAD PROVINCIAL DEL CUSCOcBIBLIOTECA MUNICIPAL DEL CUSCO aSur/N°174/1991 aSur :bsemanario regional surandino /cGuido Delran Cousy, Director aCusco.bCentro Bartolomé de las Casas,c1991. a8 páginas. :bilustraciones ;c29 cm. aSur.nAño XIV, N°174,1991 aContenido: En el Gobierno Regional de la Región Inka evaluación y reajuste. ... aSociedad cusqueña aPolítica aSiglo XX